000 00360nam a22001577a 4500
003 SGT
082 _a612
_bE12S
100 _aSEMBULINGAM, K. & PREMA
245 _aESSENTIALS OF MEDICAL PHYSIOLOGY
250 _a6TH
260 _aDELHI
_bJAYPEE BROTHERS
_c2012
300 _a1092
650 _aMEDICAL PHYSIOLOGY
653 _aPHYSIOLOGY
942 _2ddc
_cBK
_030
999 _c8288
_d8288